[Event "Revelion op"]
[Site "Romania"]
[Date "1999.??.??"]
[Round "?"]
[White "Drinceanu, Nicu"]
[Black "Fratila, Adela"]
[Result "1-0"]
[WhiteElo "1650"]
[BlackElo "2050"]
[PlyCount "75"]
[EventDate "1999.??.??"]
[EventType "swiss"]
[EventRounds "7"]
[EventCountry "ROU"]
[SourceTitle "EXT 2004"]
[Source "ChessBase"]
[SourceDate "2003.11.25"]
[SourceVersion "1"]
[SourceVersionDate "2003.11.25"]
[SourceQuality "1"]

1. e4 c5 2. c3 Nf6 3. e5 Nd5 4. g3 Qc7 5. Qe2 Nc6 6. Bg2 e6 7. Nf3 d6 8. exd6 Bxd6 9. Na3 a6 10. 0-0 0-0 11. Nc4 Be7 12. a4 b6 13. d3 Bb7 14. Ncd2 Rad8 15. Ne4 h6 16. h4 a5 17. g4 Nf4 18. Bxf4 Qxf4 19. g5 Ba6 20. Rad1 Rd7 21. Rd2 Rfd8 22. Rfd1 Ne5 23. Nxe5 Qxe5 24. Qe3 hxg5 25. hxg5 g6 26. f4 Qg7 27. Nf2 Bd6 28. Ng4 Kf8 29. Nf6 Rc7 30. Be4 Ke7 31. Bf3 Bb7 32. Bxb7 Rxb7 33. Qe4 Rbb8 34. Rh2 Rh8 35. Rdd2 Rxh2 36. Rxh2 Qf8 37. Rh7 Kd8 38. Qc6 1-0